| 000 | 00718nam a2200253Ia 4500 | ||
|---|---|---|---|
| 005 | 20250425162425.0 | ||
| 008 | 250425s9999 xx 000 0 und d | ||
| 020 | _a9978863834 | ||
| 041 | _aspa | ||
| 043 | _aec | ||
| 082 | _a341.02636 | ||
| 100 | _aCORPORACION, DE ESTUDIOS PARA EL DESARROLLO | ||
| 245 | 0 | _aLEY DE SEGURIDAD SOCIAL | |
| 250 | _a5A ED. | ||
| 260 |
_aEcuador _bCORPORACION DE ESTUDIOS Y PUBLICACIONES _c2010 |
||
| 260 |
_aQUITO _bCORPORACION DE ESTUDIOS Y PUBLICACIONES |
||
| 300 | _a200 | ||
| 500 | _aACTUALIZADA AL 4 DE ENERO DEL 2010 | ||
| 650 | _aECUADOR | ||
| 650 | _aLEY DE SEGURIDAD SOCIAL | ||
| 710 | _aCORPORACION DE ESTUDIOS Y PUBLICACION | ||
| 942 | _c01 | ||
| 010 | _a72643 | ||
| 999 |
_c228924 _d228924 |
||